| 000 | 01156 a2200193 4500 | ||
|---|---|---|---|
| 003 | NUST | ||
| 005 | 20230130130530.0 | ||
| 010 | _a40008270 | ||
| 040 | _cNust | ||
| 082 | _a920,SLO | ||
| 100 |
_aSlosberg, Bertha. _9108054 |
||
| 245 |
_aPagan tapestry / _cBertha Slosberg |
||
| 260 |
_aLondon, _bRich & Cowan, ltd. _c1940 |
||
| 300 |
_axi p., 1 l., 15-320 p,; _bfront., _cplates, ports _e23 cm |
||
| 505 | _aFire And Flight (Page-15), Rape And Theatre (Page-28), Attack By Cossacks (Page-39), Revolution (Page-51), Escape (Page-63), Voyage To The Sun (Page-76), A Refugee At School (Page-87), Sex (Page-98), Journalist In Uniform (Page-111), The Golden City (Page-126), People And Papers (Page-138), Sub-Editor In Love (Page-152), London Interlude (Page-181), Impresario (Page-193), History Is Made (Page-207), Shows And A Seer (Page-222), Snow In Spring (Page-237), King Solomon’s Mines (Page-250), Against The Government (Page-263), Radio, Robeson And Reason (Page-271), A Prophecy Fulfilled (Page-285), Famous Folk (Page-299), Drury Lane (Page-308). | ||
| 600 |
_aSlosberg, Bertha. _9108054 |
||
| 650 |
_aBiography _9461 |
||
| 942 |
_2ddc _cBK _k920,SLO |
||
| 999 |
_c187153 _d187153 |
||